[Event "Zonalny_2015_wom"]
[Site "?"]
[Date "2015.06.04"]
[Round "1"]
[White "Abdusattorova, Bakhora"]
[Black "Hotami, Mutriba"]
[Result "1/2-1/2"]
[WhiteElo "2232"]
[BlackElo "1714"]
[PlyCount "134"]
[EventDate "2015.??.??"]

1. d4 Nf6 2. c4 g6 3. Nc3 Bg7 4. e4 d6 5. h3 Nc6 6. d5 Nb8 7. Bd3 Nbd7 8. Nf3
Nc5 9. Bc2 a5 10. O-O O-O 11. Be3 Nfd7 12. Bd4 e5 13. dxe6 Nxe6 14. Bxg7 Kxg7
15. Nd5 Ne5 16. Nd4 c6 17. f4 Nxc4 18. Nxe6+ Bxe6 19. Qd4+ f6 20. Qxc4 cxd5 21.
exd5 Qb6+ 22. Kh2 Rac8 23. Qb3 Qxb3 24. Bxb3 Bd7 25. Rf2 Kf7 26. Kg3 Rfe8 27.
Kf3 Bb5 28. Rd1 Rc5 29. Rd4 Ra8 30. Bc2 Rac8 31. Bd3 Bd7 32. Re2 Re8 33. Rxe8
Kxe8 34. Ke3 f5 35. a3 Rc1 36. Rc4 Rxc4 37. Bxc4 Ke7 38. h4 h5 39. Kd4 Kd8 40.
Kc3 Kc7 41. b4 b5 42. Bd3 a4 43. Kd4 Kd8 44. Bc2 Kc7 45. Bd1 Kd8 46. Kd3 Be8
47. Bc2 Kc7 48. Ke3 Bd7 49. Bd3 Kd8 50. Bc2 Ke7 51. Bd1 Kd8 52. Kf2 Ke8 53. Bc2
Kf7 54. g3 Ke7 55. g4 hxg4 56. Kg3 Kf6 57. Bd1 Bc8 58. Be2 Bd7 59. Bd3 Be8 60.
Bf1 Bd7 61. Be2 Be8 62. Kf2 Bd7 63. Ke3 Be8 64. Kd4 Bd7 65. Bd1 Be8 66. Bc2 Bd7
67. Bd3 Be8 1/2-1/2

[Event "Zonalny_2015_wom"]
[Site "?"]
[Date "2015.06.04"]
[Round "1"]
[White "Kurbonboeva, Sarvinoz"]
[Black "Alymbay Kyzy, Aizhan"]
[Result "1/2-1/2"]
[WhiteElo "2242"]
[BlackElo "1879"]
[PlyCount "112"]

1. e4 c5 2. c3 d5 3. exd5 Qxd5 4. d4 Nf6 5. Nf3 e6 6. Na3 Be7 7. Nb5 Na6 8. Be3
Ng4 9. Bd2 Bd7 10. Be2 cxd4 11. Nbxd4 e5 12. Nc2 Nc5 13. O-O Ne4 14. Ne3 Qd6
15. Nxg4 Bxg4 16. Qa4+ Kf8 17. Qxe4 Bxf3 18. Bxf3 Qxd2 19. Qxb7 Re8 20. Rad1
Qg5 21. Bc6 Rd8 22. Rxd8+ Bxd8 23. g3 h5 24. Qxa7 h4 25. Qd7 g6 26. Rd1 Kg7 27.
Bf3 hxg3 28. hxg3 Bb6 29. Qg4 Qh6 30. Kf1 Qh2 31. Bg2 Qh6 32. Qb4 Bd8 33. Qd6
Qg5 34. Qd2 Qf6 35. Qd6 Qg5 36. Qd2 Qf6 37. b4 Bb6 38. Qe2 Rc8 39. Rd3 Rc4 40.
Bd5 e4 41. Bxc4 exd3 42. Bxd3 Qxc3 43. b5 Qd4 44. Kg2 f5 45. a4 Kf6 46. Bc4
Qe4+ 47. f3 Qxe2+ 48. Bxe2 Ke5 49. f4+ Kd4 50. Kf3 Kc3 51. g4 Bc7 52. g5 Kb4
53. Bd3 Kxa4 54. Bc4 Kb4 55. Bf7 Kxb5 56. Bxg6 Kc5 1/2-1/2

[Event "Zonalny_2015_wom"]
[Site "?"]
[Date "2015.06.04"]
[Round "1"]
[White "Tokhirjonova, Gulrukhbegim"]
[Black "Kakhramonova, Mokhinur"]
[Result "1-0"]
[WhiteElo "2246"]
[BlackElo "2035"]
[PlyCount "51"]
[EventDate "2015.??.??"]

1. d4 d5 2. Nc3 Nf6 3. Bf4 Bf5 4. f3 h5 5. e3 c6 6. Bd3 e6 7. Nge2 h4 8. e4
dxe4 9. fxe4 Bg4 10. h3 Bh5 11. Qd2 Bb4 12. a3 Ba5 13. b4 Bb6 14. Be3 Bxe2 15.
Nxe2 a5 16. O-O Qe7 17. e5 Nd5 18. Bg5 f6 19. Bg6+ Kd8 20. c4 fxg5 21. cxd5
cxd5 22. Rf7 Qe8 23. Qxg5+ Kc8 24. Rc1+ Nc6 25. b5 Bd8 26. Qg4 1-0

[Event "Zonalny_2015_wom"]
[Site "?"]
[Date "2015.06.05"]
[Round "1"]
[White "Antonova, Nadezhda"]
[Black "Dauletova, Gulmira"]
[Result "0-1"]
[WhiteElo "2082"]
[BlackElo "2261"]
[PlyCount "102"]
[EventDate "2015.??.??"]

1. e4 c5 2. Nf3 e6 3. d3 Nc6 4. g3 d6 5. Bg2 g6 6. O-O Bg7 7. c3 e5 8. Be3 Nf6
9. h3 O-O 10. Nbd2 b6 11. Re1 Ba6 12. Nf1 d5 13. Qa4 Bb7 14. Bg5 d4 15. Rad1 h6
16. Bc1 a6 17. c4 Qd6 18. a3 Nd7 19. Nh4 b5 20. Qc2 bxc4 21. dxc4 a5 22. Ne3 a4
23. Nd5 Na5 24. Qxa4 Nb6 25. Nxb6 Qxb6 26. Qc2 Ba6 27. Bf1 Qe6 28. f4 exf4 29.
gxf4 Bxc4 30. f5 Qa6 31. Bxc4 Nxc4 32. Qg2 Ne5 33. Nf3 Nd3 34. Rxd3 Qxd3 35. f6
Bxf6 36. Bxh6 Rfe8 37. e5 Bh8 38. e6 fxe6 39. Ng5 Ra7 40. Ne4 Kh7 41. Bf4 c4
42. Kh2 Rf8 43. Rg1 Rf6 44. Kh1 Ra5 45. Bg5 Rf3 46. Nf2 Rxf2 47. Qxf2 Qxh3+ 48.
Qh2 Qxh2+ 49. Kxh2 d3 50. Bc1 Rh5+ 51. Kg2 Bxb2 0-1

[Event "Zonalny_2015_wom"]
[Site "?"]
[Date "2015.06.04"]
[Round "1"]
[White "Nakhbayeva, Guliskhan"]
[Black "Zhylkaidarova, Sholpan"]
[Result "1-0"]
[WhiteElo "2341"]
[BlackElo "2120"]
[Annotator "qqq"]
[PlyCount "69"]
[EventDate "2015.??.??"]

1. Nf3 Nf6 2. c4 e6 3. Nc3 Bb4 4. Qc2 c5 5. a3 Bxc3 6. Qxc3 Nc6 7. g3 Qe7 8. d4
O-O 9. dxc5 Ne4 10. Qc2 f5 11. Bg2 Qxc5 12. Be3 Qa5+ 13. Nd2 d5 14. O-O Nxd2
15. b4 Qd8 16. Qxd2 d4 17. Bg5 Qd7 18. Bf4 Re8 19. b5 Ne7 20. Be5 Ng6 21. Bxd4
e5 22. Bd5+ Kh8 23. Bc3 Qc7 24. f4 exf4 25. gxf4 Be6 26. Bxe6 Rxe6 27. Rad1
Qxc4 28. e3 Qe4 29. Qd5 Qxe3+ 30. Kh1 Qe4+ 31. Qxe4 Rxe4 32. Rd5 Re7 33. Rfd1
Kg8 34. Rd7 Rxd7 35. Rxd7 1-0

[Event "Zonalny_2015_wom"]
[Site "?"]
[Date "2015.06.04"]
[Round "1"]
[White "Hallaeva, Bahar"]
[Black "Abdumalik, Zhansaya"]
[Result "1-0"]
[WhiteElo "2153"]
[BlackElo "2393"]
[PlyCount "95"]

1. e4 g6 2. d4 Bg7 3. f4 d6 4. Nf3 Nf6 5. Bd3 O-O 6. O-O Na6 7. c3 c5 8. Nbd2
cxd4 9. cxd4 Nb4 10. Bb1 Qb6 11. a3 Nc6 12. Nc4 Qa6 13. Bd3 b5 14. Ne3 Qb6 15.
e5 dxe5 16. fxe5 Ng4 17. Nd5 Qd8 18. Be4 Bb7 19. Nc3 a6 20. h3 Nh6 21. Be3 Na5
22. Bxb7 Nxb7 23. g4 Na5 24. Nd2 f5 25. g5 Nf7 26. h4 Rc8 27. Ne2 Qb6 28. Rf3
Rfd8 29. Rc1 Nc4 30. Nxc4 bxc4 31. Qc2 Qc6 32. Rg3 Rd7 33. Nf4 Rb7 34. h5 Nd8
35. hxg6 hxg6 36. Rh3 a5 37. d5 Qe8 38. Bd4 e6 39. Qg2 Rd7 40. Bc3 a4 41. Rh2
exd5 42. Nxd5 Rc5 43. Nf6+ Bxf6 44. gxf6 Ne6 45. Qh1 Nf8 46. Rh8+ Kf7 47. Qh6
Rd8 48. e6+ 1-0

[Event "Zonalny_2015_wom"]
[Site "?"]
[Date "2015.06.04"]
[Round "1"]
[White "Saduakassova, Dinara"]
[Black "Davletbayeva, Madina"]
[Result "1-0"]
[WhiteElo "2405"]
[BlackElo "2227"]
[PlyCount "73"]

1. d4 Nf6 2. c4 e6 3. g3 d5 4. Bg2 dxc4 5. Qa4+ Nbd7 6. Qxc4 c5 7. Nf3 a6 8.
Qc2 cxd4 9. Nxd4 Bc5 10. Nb3 Ba7 11. O-O O-O 12. Bd2 Re8 13. Na3 Rb8 14. Nc4
Qc7 15. Rac1 Nd5 16. Qb1 Ra8 17. e4 N5f6 18. e5 Nxe5 19. Bf4 Qxc4 20. Rxc4 Nxc4
21. Qc1 e5 22. Bg5 Nd6 23. Bxf6 gxf6 24. Qh6 Bf5 25. Rd1 Ne4 26. Bxe4 Bxe4 27.
Qxf6 Bg6 28. Rd7 Re6 29. Qg5 Kg7 30. h4 h5 31. g4 Rf6 32. Qxe5 Bb8 33. Qc3 hxg4
34. h5 Bxh5 35. Rd5 Bg6 36. Nc5 Ra7 37. Rd6 1-0

[Event "Zonalny_2015_wom"]
[Site "?"]
[Date "2015.06.05"]
[Round "2"]
[White "Zhylkaidarova, Sholpan"]
[Black "Kakhramonova, Mokhinur"]
[Result "1-0"]
[WhiteElo "2120"]
[BlackElo "2035"]
[PlyCount "128"]
[EventDate "2015.??.??"]

1. d4 d5 2. c4 e6 3. Nc3 Nf6 4. Bg5 c6 5. cxd5 exd5 6. e3 Bd6 7. Bd3 O-O 8. Qc2
h6 9. Bh4 Qe7 10. Nf3 Nbd7 11. O-O a6 12. Rac1 Re8 13. Na4 g5 14. Bg3 Bxg3 15.
hxg3 Ne4 16. Bxe4 dxe4 17. Nd2 Rb8 18. Nc5 Nf6 19. Nc4 Nd5 20. a3 h5 21. Rfe1
h4 22. gxh4 gxh4 23. Ne5 f6 24. Ng6 Qh7 25. Nf4 Nxf4 26. exf4 Bf5 27. Re3 Kh8
28. Rce1 h3 29. g3 h2+ 30. Kh1 Rg8 31. Nxe4 Rbd8 32. Qc3 Qh6 33. Nd2 Rd7 34.
Re8 Rxe8 35. Rxe8+ Kg7 36. Qe3 Kf7 37. Nf3 b5 38. Nh4 Qh7 39. Kxh2 a5 40. Kg2
a4 41. Nxf5 Qxf5 42. Qe4 Qd5 43. Qxd5+ Rxd5 44. Re4 f5 45. Re5 Rxd4 46. Rxf5+
Ke6 47. Re5+ Kd6 48. Re2 c5 49. f5 Kd7 50. Kf3 b4 51. axb4 cxb4 52. Re3 Rd2 53.
g4 Rxb2 54. f6 Rc2 55. Re4 Rc3+ 56. Kg2 a3 57. Rxb4 a2 58. Ra4 Rc4 59. Ra7+ Ke8
60. Kg3 Rc2 61. g5 Rc1 62. Rxa2 Kf7 63. Ra7+ Kg6 64. Rg7+ Kh5 1-0

[Event "Zonalny_2015_wom"]
[Site "?"]
[Date "2015.06.05"]
[Round "2"]
[White "Davletbayeva, Madina"]
[Black "Antonova, Nadezhda"]
[Result "1-0"]
[WhiteElo "2227"]
[BlackElo "2082"]
[PlyCount "141"]
[EventDate "2015.??.??"]

1. e4 d6 2. d4 Nf6 3. Nc3 c6 4. a4 Bg4 5. f3 Bh5 6. Nh3 e5 7. dxe5 dxe5 8.
Qxd8+ Kxd8 9. Be3 Bd6 10. O-O-O Ke7 11. Bc4 Nfd7 12. Rd3 Bc5 13. Rhd1 Bxe3+ 14.
Rxe3 a5 15. Ne2 Nb6 16. Bb3 N8d7 17. Ng3 Bg6 18. Nf2 f6 19. Nf5+ Bxf5 20. exf5
Kd8 21. Ne4 Kc7 22. Be6 Rhd8 23. Red3 Nf8 24. Nc5 Rxd3 25. Rxd3 Nc8 26. g4 Nd6
27. Bg8 b6 28. Nb3 Rd8 29. Nd2 Nd7 30. Bxh7 Nc5 31. Re3 Rh8 32. Bg6 Rxh2 33. b3
b5 34. axb5 cxb5 35. Re1 a4 36. bxa4 bxa4 37. Rd1 Nb5 38. Nc4 Nd4 39. Na3 Nxf3
40. Nb5+ Kb6 41. Be8 Ka5 42. Rd8 Ne1 43. Na3 Kb4 44. Kb2 Ned3+ 45. Ka2 Kc3 46.
Rc8 Nb4+ 47. Ka1 Nba6 48. Bb5 Rh1+ 49. Nb1+ Kd4 50. Rc6 Kd5 51. c4+ Ke4 52.
Bxa6 Nb3+ 53. Kb2 Rh2+ 54. Ka3 Nd4 55. Rc7 Kf4 56. Rxg7 e4 57. c5 e3 58. Nc3
Rc2 59. Nd5+ Kf3 60. Re7 e2 61. Bxe2+ Nxe2 62. Nxf6 Rxc5 63. Ne4 Ra5 64. f6
Kxg4 65. f7 Rf5 66. Nd6 Rf3+ 67. Kxa4 Nc3+ 68. Ka5 Nd5 69. Re8 Ra3+ 70. Kb5
Rb3+ 71. Kc4 1-0

[Event "Zonalny_2015_wom"]
[Site "?"]
[Date "2015.06.05"]
[Round "2"]
[White "Abdumalik, Zhansaya"]
[Black "Abdusattorova, Bakhora"]
[Result "1-0"]
[WhiteElo "2393"]
[BlackElo "2232"]
[PlyCount "61"]
[EventDate "2015.??.??"]

1. e4 e5 2. Nf3 Nc6 3. Bb5 Nf6 4. d3 Bc5 5. Bxc6 dxc6 6. Nbd2 Nd7 7. Nc4 O-O 8.
Be3 Bd6 9. O-O Re8 10. Nfd2 Nf8 11. Qh5 Ng6 12. g3 Be6 13. f4 Bxc4 14. Nxc4 f6
15. f5 Nf8 16. g4 Qe7 17. g5 Nd7 18. h4 Bc5 19. Rf3 b5 20. Bxc5 Qxc5+ 21. Ne3
Rad8 22. Kh1 Re7 23. Rg1 Kh8 24. Rfg3 Qd6 25. Ng4 c5 26. g6 Nf8 27. Nh6 Qd7 28.
Nf7+ Rxf7 29. gxf7 g6 30. fxg6 Nxg6 31. Kh2 1-0

[Event "Zonalny_2015_wom"]
[Site "?"]
[Date "2015.06.05"]
[Round "2"]
[White "Hotami, Mutriba"]
[Black "Alymbay Kyzy, Aizhan"]
[Result "0-1"]
[WhiteElo "1714"]
[BlackElo "1879"]
[PlyCount "70"]

1. e4 c6 2. d4 d5 3. Nc3 dxe4 4. Nxe4 Bf5 5. Ng3 Bg6 6. Nf3 e6 7. Ne5 Nd7 8.
Nxg6 hxg6 9. Bc4 Ngf6 10. Qd3 Qc7 11. h3 O-O-O 12. Qb3 Nb6 13. Be3 Nxc4 14.
Qxc4 Nd5 15. Ne2 Nxe3 16. fxe3 Bd6 17. O-O-O Rh5 18. Rdf1 Rb5 19. a3 Ra5 20.
Qc3 Rd7 21. Rf3 e5 22. Rhf1 f6 23. Qb3 Re7 24. Nc3 exd4 25. exd4 Qd8 26. Nd1
Qe8 27. Qd3 g5 28. b4 Ra6 29. Kb2 Rb6 30. Ne3 Bc7 31. Nc4 Rb5 32. Ne3 Rd7 33.
c3 Re5 34. Nc2 Re6 35. Rf5 g6 0-1

[Event "Zonalny_2015_wom"]
[Site "?"]
[Date "2015.06.05"]
[Round "2"]
[White "Kurbonboeva, Sarvinoz"]
[Black "Hallaeva, Bahar"]
[Result "1-0"]
[WhiteElo "2242"]
[BlackElo "2153"]
[Annotator "time"]
[PlyCount "114"]
[EventDate "2015.??.??"]

1. Nf3 Nf6 2. c4 e6 3. g3 Be7 4. Bg2 O-O 5. O-O d5 6. d4 c6 7. Qc2 Nbd7 8. b3
b6 9. Bb2 Ba6 10. Nbd2 Rc8 11. Rac1 c5 12. Qb1 dxc4 13. bxc4 Bb7 14. Rfd1 cxd4
15. Bxd4 Ba3 16. Rc2 Qe7 17. Qb3 Rfd8 18. Nb1 Bc5 19. e3 Bc6 20. Rcc1 h6 21.
Bb2 Bd6 22. Nc3 Nc5 23. Qc2 Qb7 24. Qe2 Be7 25. Nb5 Rxd1+ 26. Rxd1 Rd8 27. Rd4
Be4 28. Rxd8+ Bxd8 29. Nd6 Qe7 30. Nxe4 Ncxe4 31. Qd3 Nc5 32. Qd4 Bc7 33. h4
Qd7 34. Qxd7 Nfxd7 35. Nd4 Nd3 36. Ba3 N7e5 37. Bf1 Nc5 38. Be2 g5 39. f4 gxf4
40. exf4 Ned7 41. Nc6 a6 42. Bb2 Ne4 43. Kg2 Ndc5 44. Kf3 f5 45. g4 fxg4+ 46.
Kxg4 Nf2+ 47. Kh5 Kh7 48. Ne5 Bxe5 49. Bxe5 Nce4 50. f5 exf5 51. Bf3 a5 52. Bg2
Nc5 53. Bd5 Ng4 54. Bd4 Nd7 55. Bg8+ Kxg8 56. Kg6 Nge5+ 57. Kxf5 Nxc4 1-0

[Event "Zonalny_2015_wom"]
[Site "?"]
[Date "2015.06.05"]
[Round "2"]
[White "Tokhirjonova, Gulrukhbegim"]
[Black "Nakhbayeva, Guliskhan"]
[Result "0-1"]
[WhiteElo "2246"]
[BlackElo "2341"]
[PlyCount "98"]
[EventDate "2015.??.??"]

1. e4 c5 2. Nf3 e6 3. c3 d5 4. e5 d4 5. Bd3 Bd7 6. O-O Bc6 7. Na3 Ne7 8. cxd4
cxd4 9. Nc2 Nd7 10. Re1 Nc5 11. Qe2 Nxd3 12. Qxd3 Bxf3 13. Qxf3 Nc6 14. d3 g6
15. Qe4 Bg7 16. f4 O-O 17. b3 Qd7 18. Bb2 Rad8 19. Rac1 f6 20. Ba3 Rf7 21. exf6
Rxf6 22. Nb4 Ne7 23. Qe5 Rf7 24. Qxe6 Qxe6 25. Rxe6 Bf8 26. Nc2 Nd5 27. g3 Rc7
28. Bb2 Rdc8 29. Bxd4 Rxc2 30. Rxc2 Rxc2 31. Re8 b6 32. Rd8 Nb4 33. Be5 Nc6 34.
Rc8 Kf7 35. Rc7+ Ke6 36. Kh1 Bd6 37. Bxd6 Kxd6 38. Rxh7 Rxa2 39. Rh6 Ne7 40. f5
Nxf5 41. Rxg6+ Ke5 42. h4 Rd2 43. h5 Rxd3 44. g4 Nh4 45. Rg7 Kf4 46. Kg1 Nf3+
47. Kf1 Rd4 48. Kg2 Rd2+ 49. Kf1 Kg3 0-1

[Event "Zonalny_2015_wom"]
[Site "?"]
[Date "2015.06.05"]
[Round "2"]
[White "Dauletova, Gulmira"]
[Black "Saduakassova, Dinara"]
[Result "0-1"]
[WhiteElo "2261"]
[BlackElo "2405"]
[PlyCount "190"]

1. e4 e5 2. Nf3 Nc6 3. Bb5 a6 4. Ba4 Nf6 5. O-O Be7 6. d3 d6 7. c3 O-O 8. Re1
Re8 9. Nbd2 Bf8 10. Nf1 h6 11. Ng3 b5 12. Bc2 d5 13. Qe2 Be6 14. h3 Rb8 15. Rd1
Qe7 16. d4 dxe4 17. Nxe5 Bd5 18. Bf4 Qe6 19. Nxe4 Nxe4 20. Bxe4 Bd6 21. Bxd5
Qxd5 22. Qg4 Bxe5 23. dxe5 Qc4 24. b3 Qe6 25. Qxe6 Rxe6 26. Rd5 Rbe8 27. a4 b4
28. Rc1 Ne7 29. Rc5 bxc3 30. R1xc3 c6 31. R3c4 Rb8 32. b4 Nd5 33. Bd2 Nb6 34.
Rc2 Rd8 35. f4 Nxa4 36. Ra5 Nb6 37. Rxa6 Rb8 38. Kf2 f6 39. exf6 Rxf6 40. Kf3
Nd7 41. g3 Rb7 42. Ra5 Nb6 43. Re5 Rd6 44. Re4 Kf7 45. Be3 Nd5 46. Bc5 Re6 47.
Rxe6 Kxe6 48. Re2+ Kf7 49. Re4 Rb8 50. Rd4 Ra8 51. Rd3 Rb8 52. Rb3 h5 53. Ke4
Rd8 54. Ra3 Rd7 55. g4 hxg4 56. hxg4 g6 57. g5 Ke6 58. Rh3 Rf7 59. Rg3 Rf5 60.
Rg1 Rf7 61. Rg2 Rf5 62. Rg1 Rf7 63. Bd4 Nxb4 64. Rc1 Rxf4+ 65. Ke3 Nd5+ 66. Kd3
Kf5 67. Bf6 Kg4 68. Rg1+ Kf5 69. Rc1 Rf3+ 70. Ke2 Re3+ 71. Kd2 Re6 72. Rf1+ Nf4
73. Kc1 Re4 74. Kd2 c5 75. Kc3 Kg4 76. Rg1+ Kf3 77. Rf1+ Ke2 78. Rb1 Nd5+ 79.
Kc2 Nxf6 80. gxf6 Rf4 81. Rg1 Rxf6 82. Kc3 Kf2 83. Rg5 Kf3 84. Kc4 Kf4 85. Rg1
g5 86. Rf1+ Ke5 87. Rg1 Rf4+ 88. Kxc5 g4 89. Re1+ Re4 90. Rg1 Kf4 91. Kd5 Re3
92. Kd4 g3 93. Rf1+ Rf3 94. Rg1 Rf2 95. Kd5 g2 0-1

[Event "Zonalny_2015_wom"]
[Site "?"]
[Date "2015.06.06"]
[Round "3"]
[White "Kakhramonova, Mokhinur"]
[Black "Hotami, Mutriba"]
[Result "1-0"]
[WhiteElo "2035"]
[BlackElo "1714"]
[PlyCount "47"]
[EventDate "2015.??.??"]

1. e4 c5 2. Nf3 d6 3. d4 cxd4 4. Nxd4 Nf6 5. Nc3 g6 6. Be2 Bg7 7. Be3 Nc6 8. f3
d5 9. Bb5 Bd7 10. Nxd5 a6 11. Bxc6 bxc6 12. Nc3 Qc7 13. O-O O-O 14. Nb3 Be6 15.
Qe2 Nh5 16. f4 Bxc3 17. bxc3 Nf6 18. Bd4 Qc8 19. f5 Bd7 20. c4 h6 21. Nc5 Nh7
22. Bc3 e6 23. Qd2 Be8 24. Qxh6 1-0

[Event "Zonalny_2015_wom"]
[Site "?"]
[Date "2015.06.06"]
[Round "3"]
[White "Abdusattorova, Bakhora"]
[Black "Antonova, Nadezhda"]
[Result "1-0"]
[WhiteElo "2232"]
[BlackElo "2082"]
[PlyCount "109"]

1. e4 d6 2. d4 Nf6 3. Nc3 c6 4. a4 Qa5 5. Bd2 Qc7 6. Nf3 e5 7. Bc4 Be7 8. O-O
Bg4 9. Be3 O-O 10. h3 Bh5 11. Be2 Nbd7 12. Nd2 Bxe2 13. Qxe2 Rfe8 14. f4 exd4
15. Bxd4 Bf8 16. Qf3 Re7 17. Rae1 a6 18. Kh1 Rc8 19. Re2 b5 20. Rfe1 b4 21. Nd1
Rce8 22. b3 g6 23. Nf2 Bg7 24. Nd3 c5 25. Bb2 Nh5 26. Bxg7 Nxg7 27. f5 gxf5 28.
exf5 Rxe2 29. Rxe2 Rxe2 30. Qxe2 Nxf5 31. Ne4 d5 32. Qg4+ Kf8 33. Qxf5 dxe4 34.
Qxe4 Kg7 35. Qg4+ Kf8 36. Qf5 h6 37. Qd5 Ke8 38. Qa8+ Ke7 39. Qxa6 Ne5 40. Nf4
Qd7 41. Qe2 Qd4 42. Nd3 f6 43. Kh2 Kd6 44. Nf2 Kd5 45. Nd1 c4 46. Ne3+ Kc5 47.
Qf2 cxb3 48. cxb3 Nd3 49. Qe2 Qf4+ 50. Kg1 Qd4 51. Kh1 f5 52. Qf3 Ne5 53. Qb7
Qa1+ 54. Kh2 Kd4 55. Nc2+ 1-0

[Event "Zonalny_2015_wom"]
[Site "?"]
[Date "2015.06.06"]
[Round "3"]
[White "Hallaeva, Bahar"]
[Black "Davletbayeva, Madina"]
[Result "1/2-1/2"]
[WhiteElo "2153"]
[BlackElo "2227"]
[PlyCount "119"]

1. e4 e6 2. d4 d5 3. exd5 exd5 4. Bd3 c5 5. c3 Nc6 6. Ne2 Nf6 7. O-O c4 8. Bc2
Bd6 9. Bf4 O-O 10. Bxd6 Qxd6 11. Ng3 b5 12. a3 a5 13. h3 Bd7 14. Nd2 b4 15. Nf3
Rfe8 16. Re1 bxc3 17. Rxe8+ Rxe8 18. bxc3 Na7 19. Ne5 Nb5 20. Qd2 g6 21. h4 h5
22. a4 Nc7 23. Qf4 Re6 24. Bf5 gxf5 25. Nxf5 Qf8 26. Nxd7 Nxd7 27. Qxc7 Qe8 28.
Rb1 Nf8 29. Rb8 Qxa4 30. Qg3+ Rg6 31. Ne7+ Kg7 32. Nxg6 Nxg6 33. Rb7 Qd1+ 34.
Kh2 Qe2 35. Ra7 Qe4 36. Rxa5 Kf8 37. Qd6+ Kg7 38. Qg3 Kf8 39. Ra8+ Kg7 40. Ra7
Qf5 41. Qe3 Nf4 42. Qf3 Qf6 43. g3 Qb6 44. Rxf7+ Kxf7 45. Qxf4+ Kg8 46. Qg5+
Kf8 47. Qxd5 Qb2 48. Kg2 Qxc3 49. Qxh5 Kg7 50. Qg5+ Kh7 51. Qh5+ Kg7 52. Qg5+
Kh7 53. d5 Qd3 54. Qe5 Kg6 55. h5+ Kh7 56. h6 Kg6 57. Qg7+ Kh5 58. h7 Qf3+ 59.
Kg1 Qg2+ 60. Kxg2 1/2-1/2

[Event "Zonalny_2015_wom"]
[Site "?"]
[Date "2015.06.06"]
[Round "3"]
[White "Zhylkaidarova, Sholpan"]
[Black "Abdumalik, Zhansaya"]
[Result "1-0"]
[WhiteElo "2120"]
[BlackElo "2393"]
[PlyCount "71"]
[EventDate "2015.??.??"]

1. d4 Nf6 2. c4 g6 3. Nc3 d5 4. cxd5 Nxd5 5. e4 Nxc3 6. bxc3 Bg7 7. Be3 c5 8.
Qd2 e5 9. d5 Qa5 10. c4 Qxd2+ 11. Kxd2 b6 12. Bd3 f5 13. f3 O-O 14. Ne2 Nd7 15.
Nc3 Nf6 16. a4 fxe4 17. Nxe4 Bf5 18. a5 Bxe4 19. Bxe4 Rfd8 20. Rhb1 Nd7 21. Bg5
Rdc8 22. d6 Rab8 23. Bd5+ Kf8 24. Be6 Rc6 25. Be7+ Ke8 26. axb6 Rcxb6 27. Rxb6
axb6 28. Ra7 Nf8 29. Bd5 Bh6+ 30. Kc2 g5 31. Bc6+ Kf7 32. Bd8+ Ke6 33. Bd5+ Kf5
34. g4+ Kf4 35. Bc7 Rc8 36. Bxb6 1-0

[Event "Zonalny_2015_wom"]
[Site "?"]
[Date "2015.06.06"]
[Round "3"]
[White "Alymbay Kyzy, Aizhan"]
[Black "Tokhirjonova, Gulrukhbegim"]
[Result "0-1"]
[WhiteElo "1879"]
[BlackElo "2246"]
[PlyCount "70"]
[EventDate "2015.??.??"]

1. e4 e6 2. d4 d5 3. Nd2 Nc6 4. Ngf3 Nf6 5. e5 Nd7 6. Be2 f6 7. exf6 Qxf6 8.
Nf1 Bd6 9. Ne3 O-O 10. O-O Qg6 11. h3 Nf6 12. c4 Kh8 13. Qc2 Ne4 14. c5 Be7 15.
Ng4 Bf6 16. Nxf6 gxf6 17. Be3 Rg8 18. Nh4 Qf7 19. Kh2 e5 20. Rad1 Be6 21. g4
exd4 22. Bxd4 Nxd4 23. Rxd4 Qe7 24. b4 f5 25. Qb2 Rg7 26. Nxf5 Bxf5 27. gxf5
Qg5 28. Bg4 h5 29. f4 Qh4 30. f6 Nxf6 31. Be6 Re8 32. Bf5 Qg3+ 33. Kh1 Re1 34.
Rd1 Qf3+ 35. Kh2 Re2+ 0-1

[Event "Zonalny_2015_wom"]
[Site "?"]
[Date "2015.06.06"]
[Round "3"]
[White "Dauletova, Gulmira"]
[Black "Kurbonboeva, Sarvinoz"]
[Result "1-0"]
[WhiteElo "2261"]
[BlackElo "2242"]
[PlyCount "81"]
[EventDate "2015.??.??"]

1. e4 c5 2. Nf3 d6 3. d4 cxd4 4. Nxd4 Nf6 5. Nc3 e6 6. g4 h6 7. h3 Nc6 8. Bg2
Be7 9. Be3 a6 10. f4 Qc7 11. Qf3 Nxd4 12. Bxd4 e5 13. Be3 exf4 14. Bxf4 Be6 15.
O-O-O Nd7 16. Qg3 Ne5 17. Bxe5 dxe5 18. Nd5 Bxd5 19. exd5 Rc8 20. Be4 Bg5+ 21.
Kb1 Bf4 22. Qb3 Rd8 23. Qa4+ Qd7 24. Qb4 b5 25. d6 O-O 26. Rhf1 g6 27. Qa5 Qa7
28. Rd3 Be3 29. Rfd1 Qb6 30. Qe1 Bf2 31. Qd2 Kg7 32. g5 b4 33. gxh6+ Kh7 34.
Qg5 Bd4 35. h4 Rxd6 36. h5 Qd8 37. Qg4 Qc8 38. Qg3 f5 39. Rxd4 f4 40. hxg6+ Kg8
41. Qb3+ 1-0

[Event "Zonalny_2015_wom"]
[Site "?"]
[Date "2015.06.06"]
[Round "3"]
[White "Saduakassova, Dinara"]
[Black "Nakhbayeva, Guliskhan"]
[Result "1/2-1/2"]
[WhiteElo "2405"]
[BlackElo "2341"]
[PlyCount "64"]
[EventDate "2015.??.??"]

1. Nf3 Nf6 2. c4 e6 3. Nc3 Bb4 4. Qc2 c5 5. a3 Ba5 6. e3 Nc6 7. Be2 O-O 8. O-O
e5 9. Rd1 Re8 10. d3 d6 11. Rb1 Bxc3 12. Qxc3 a5 13. b3 d5 14. cxd5 Qxd5 15.
Ng5 Bg4 16. Bxg4 Nxg4 17. Qc4 Nf6 18. Ne4 Qxc4 19. bxc4 Nxe4 20. dxe4 Red8 21.
Rd5 Ne7 22. Rxd8+ Rxd8 23. Kf1 Rb8 24. Bb2 f6 25. Bc3 Nc6 26. Rd1 b5 27. Rd5 b4
28. Bb2 Rd8 29. Rxc5 Rd1+ 30. Ke2 Rb1 31. Rxc6 Rxb2+ 32. Kf1 bxa3 1/2-1/2

[Event "Zonalny_2015_wom"]
[Site "?"]
[Date "2015.06.07"]
[Round "4"]
[White "Antonova, Nadezhda"]
[Black "Hotami, Mutriba"]
[Result "1/2-1/2"]
[WhiteElo "2082"]
[BlackElo "1714"]
[PlyCount "137"]
[SourceDate "2015.06.08"]

1. Nf3 Nf6 2. g3 g6 3. b3 Bg7 4. Bb2 d6 5. d4 d5 6. Bg2 O-O 7. O-O c6 8. c4 Ne4
9. Nfd2 f5 10. f3 Ng5 11. e3 e6 12. Nc3 Nf7 13. Qc2 Nd6 14. Rfe1 Bd7 15. Ba3
Be8 16. f4 Na6 17. Nf3 Rc8 18. Ne5 Bf6 19. Reb1 Qc7 20. Bxd6 Qxd6 21. c5 Qe7
22. b4 Bxe5 23. fxe5 Nc7 24. a4 a6 25. Bf1 Bd7 26. b5 Rb8 27. bxa6 bxa6 28. Rb6
a5 29. Rab1 Ra8 30. Rb7 Rfc8 31. Qb3 Qd8 32. Qb6 Ne8 33. Ne2 Rc7 34. Nc1 Kf8
35. Kf2 Ke7 36. Ba6 Bc8 37. Rxc7+ Qxc7 38. Qxc7+ Nxc7 39. Bxc8 Rxc8 40. Rb7 Kd7
41. Ra7 Rb8 42. Rxa5 Rb2+ 43. Ne2 Kc8 44. Kf3 Kb7 45. h4 Ne8 46. Nc3 Nc7 47.
Ne2 Ne8 48. Nf4 Ng7 49. g4 Rb3 50. gxf5 Nxf5 51. Nxe6 Rxe3+ 52. Kf2 Re4 53.
Nd8+ Kc7 54. Ra8 Nxd4 55. Nf7 Ne6 56. Nd6 Rxe5 57. Re8 Nxc5 58. Rxe5 Nd3+ 59.
Ke3 Nxe5 60. Ne8+ Kb6 61. Nf6 h6 62. h5 gxh5 63. Nxh5 Kc5 64. Nf4 d4+ 65. Ke4
Nc4 66. Nd3+ Kb6 67. Kxd4 Nd6 68. a5+ Kxa5 69. Kc5 1/2-1/2

[Event "Zonalny_2015_wom"]
[Site "?"]
[Date "2015.06.07"]
[Round "4"]
[White "Abdumalik, Zhansaya"]
[Black "Kakhramonova, Mokhinur"]
[Result "0-1"]
[WhiteElo "2393"]
[BlackElo "2035"]
[PlyCount "106"]

1. e4 c6 2. d4 d5 3. Nd2 dxe4 4. Nxe4 Bf5 5. Ng3 Bg6 6. h4 h6 7. Nf3 Nd7 8. h5
Bh7 9. Bd3 Bxd3 10. Qxd3 Ngf6 11. Bd2 Qb6 12. O-O-O O-O-O 13. Kb1 e6 14. c4 Qa6
15. Rc1 c5 16. Rhe1 Bd6 17. Qc2 Kb8 18. Ne5 Rhf8 19. Nxd7+ Rxd7 20. Ne4 cxd4
21. Nxf6 gxf6 22. Qh7 Rfd8 23. Qxh6 f5 24. Qg7 Qb6 25. h6 Ba3 26. Qg3+ Bd6 27.
Qd3 Rh8 28. Bg5 Bf8 29. Rh1 Qc6 30. Qg3+ Bd6 31. f4 f6 32. Bxf6 Qe4+ 33. Ka1
Bxf4 34. Qa3 Bxc1 35. Rxc1 Rc8 36. Qb4 Qe3 37. Rh1 d3 38. Qa4 d2 39. Rd1 Qd3
40. Be5+ Ka8 41. Bc3 Rxc4 42. Qb3 Re4 43. a4 Rdd4 44. h7 Rxa4+ 45. Qa2 Rxa2+
46. Kxa2 Rh4 47. Rxd2 Qxd2 48. Bxd2 Rxh7 49. Bf4 b5 50. Kb3 Kb7 51. Kc3 Rd7 52.
b4 Kc6 53. Bb8 Kd5 0-1

[Event "Zonalny_2015_wom"]
[Site "?"]
[Date "2015.06.07"]
[Round "4"]
[White "Alymbay Kyzy, Aizhan"]
[Black "Hallaeva, Bahar"]
[Result "0-1"]
[WhiteElo "1879"]
[BlackElo "2153"]
[PlyCount "136"]

1. e4 e5 2. Nf3 Nc6 3. d4 exd4 4. Nxd4 Bc5 5. Nxc6 Qf6 6. Qf3 Qxc6 7. Nc3 Bd4
8. Bd2 Nf6 9. Bd3 O-O 10. O-O d6 11. Nd5 Nxd5 12. exd5 Qb6 13. Rab1 c6 14. dxc6
bxc6 15. c3 Be5 16. Rfe1 Be6 17. b3 Bd5 18. Qh3 g6 19. c4 Be6 20. Qf3 Rfd8 21.
Bh6 Bg7 22. Bxg7 Kxg7 23. Rbd1 d5 24. cxd5 cxd5 25. Qe3 Qa5 26. Qd4+ Kg8 27.
Re2 Rac8 28. Red2 Rd7 29. Be2 Rdc7 30. Bf3 Rc2 31. Rxc2 Rxc2 32. a4 Rc7 33. h3
Rb7 34. Rd3 Rc7 35. Kh2 Rc8 36. Qe5 Qc5 37. Qd4 a5 38. Qxc5 Rxc5 39. Kg3 Kf8
40. Kf4 Ke7 41. Ke5 f6+ 42. Kd4 Kd6 43. Bd1 Bf5 44. Rd2 g5 45. Rb2 Rc8 46. Be2
Re8 47. Bd3 Bxd3 48. Kxd3 Re4 49. g3 h5 50. Rc2 h4 51. Kc3 g4 52. hxg4 hxg3 53.
fxg3 Rxg4 54. b4 Rxg3+ 55. Kd4 Rg4+ 56. Kc3 Rc4+ 57. Kd3 Rxb4 58. Rf2 Ke5 59.
Re2+ Re4 60. Ra2 f5 61. Ra1 f4 62. Ra2 Re3+ 63. Kd2 Ke4 64. Kd1 d4 65. Kd2 Rh3
66. Rc2 Rh2+ 67. Kd1 Rxc2 68. Kxc2 f3 0-1